Hegemonia, Estado e governabilidade: perplexidades e alternativas no centro e na periferia: resenha /
Shranjeno v:
| Glavni avtor: | |
|---|---|
| Drugi avtorji: | |
| Format: | Texto |
| Teme: | |
| Oznake: |
Označite
Brez oznak, prvi označite!
|
MARC
| LEADER | 00000 a a2200000 04500 | ||
|---|---|---|---|
| 001 | 16612 | ||
| 003 | |||
| 040 | |||
| 100 | |a Gusm | ||
| 245 | |a Hegemonia, Estado e governabilidade: |b perplexidades e alternativas no centro e na periferia: resenha / |c Gusm ; reseña por Gilberto Dupas | ||
| 500 | |a Datos de edición: S | ||
| 650 | |a POLITICA INTERNACIONAL | ||
| 650 | |a GOBERNABILIDAD | ||
| 650 | |a GLOBALIZACION | ||
| 650 | |a RESEÑAS BIBLIOGRAFICAS | ||
| 700 | |a Dupas, Gilberto |e reseñador | ||
| 773 | |g volumen 7, número 13; páginas 179-181 | ||
| 999 | |c 37976 |d 37976 | ||
